000 00323nam a2200133 i 4500
001 bg
100 1 _aPLUTA, W.
245 0 _aWielowymiarowa analiza porównawcza w modelowaniu... /
_cW. Pluta.
260 _aWarszawa,
_c1986.
040 _cBPK
041 _apol
942 _cKS
008 s pl f |000 0 pol
999 _c28389
_d28389
856 _uhttp://koha.tu.koszalin.pl/cgi-bin/koha/opac-detail.pl?biblionumber=28389
_yKatalog online BPK